000 01698nam a2200277Ia 4500
999 _c35489
_d35489
001 1349
003 GE_BSU
005 20220301120935.0
008 181216s2008||||ge |||||||||||||| ||geo||
020 _a9789941005350
040 _cGE_BSU
041 _ageo
080 _a377 ს–93
245 _aსწავლებისა და შეფასების მეთოდები პროფესიულ განათლებაში /
_c [პ./რედ. ანასტასია ქიტიაშვილი ; წიგნი მოამზ.: ლიკა ღლონტი, ნინო ლაბარტყავა, ციცო გვარამაძე ; საქ. განათლ. სამ., ეროვნული სასწ. გეგმ. და შეფასების ცენტრი].
264 _aთბილისი,
_c2008.
300 _a156 გვ.:
_bცხრ. ;
_c26 სმ.
653 _aპროფესიული განათლება
653 _aპროფესიული სწავლების მეთოდიკა
653 _aმოსწავლეთა ცოდნის შეფასება
700 _aქიტიაშვილი, ანასტასია
_e რედაქტორი
_92706
700 _aღლონტი, ლიკა
_913578
700 _aლაბარტყავა, ნინო
_92707
700 _aგვარამაძე, ციცო
_913579
710 _aსაქ. განათლ. სამ., ეროვნული სასწ. გეგმ. და შეფასების ცენტრი
_913580
942 _cBK
_2udc